Changin patterns of human resources policy in the federal republic of Germany, 1949-1979

Gespeichert in:
Bibliographische Detailangaben
1. Verfasser: Mäding, Heinrich
Format: Buch
Sprache:Englisch
Veröffentlicht: México Colegio Nacional de Economistas 1980
Tags: Tag hinzufügen
Keine Tags, Fügen Sie das erste Tag hinzu!

MARC

LEADER 00000nam a2200000 4500
001 c140466
005 20041019155319.0
041 0 |a eng 
044 |a MX 
245 1 0 |a Changin patterns of human resources policy in the federal republic of Germany, 1949-1979  |c Heinrich Mäding 
264 1 |a México  |b Colegio Nacional de Economistas  |c 1980 
300 |a 30 s. 
100 1 |a Mäding, Heinrich